LDR 01150naa#a2200205#i#450# 001 RU\\bibl\124608 005 20260606220831.6 011 ## _a2073-1574 100 ## _a20260529b2026####ek#y0rusy0150####ca 102 ## _aRU 200 1# _aМетодика оценки адекватности эксплуатационного процессного цифрового двойника судна _eЖурнальная статья 210 1# _aАстрахань _cАстраханский государственный технический университет _d2026 215 ## _a12 с. 608 ## _aЖурнальная статья _2local 675 ## _aСуда. Флот. 656.612 _aПрикладные системы искусственного интеллекта. Интеллектуальные системы, обладающие знаниями. 004.89 _z 700 #1 _aЕрмаков _gСергей Владимирович 700 #1 _aМалинин _gНикита Жанович 700 #1 _aШевчук _gДанила Владимирович 700 #1 _aБуров _gАлександр Владимирович 856 4# _avestnik.astu.org _u